Регионална библиотека "Любен Каравелов" - Русе

Chemistry and 21st Century Challenges: Science and Innovation (Запис номер 85676)

MARC детайли
000 -Лидер
Контролно поле с фиксирана дължина 01865nam a2200361 c 4500
003 - Код на организацията, давaща контролен номер
Контролно поле BLK
005 - Дата и час на последна редакция
Контролно поле 20180420224916.0
008 - Елементи от данни с фиксирана дължина
fixed length control field 180408b bul|||||r ||||||| ||bul||
010 ## - Наследен системен номер
LC control number KNG00090278000
040 ## - Източник на каталожния запис
Идентификатор на билиотеката - собственик на записа BLK
041 ## - Код за език
Код за езика на текст/звукозапис или на отделно заглавие Английски
Код за езика КДБФ Английски
080 ## - УДК
Текстов определител УДК Пластмасова промишленост. Каучукова промишленост. Промишленост на високомолекулярните вещества
УДК код - определител по УДК 678
УДК определител (063)
УДК - код + определител 678(063)
080 ## - УДК
Текстов определител УДК Химичен строеж в цялост. Зависимост на свойствата на веществата от техния химичен строеж. Химия на високополимерните съединения. Строеж на молекулата. Вж и 539. 2
УДК код - определител по УДК 541.6
УДК определител (063)
УДК - код + определител 541.6(063)
139 ## - Редно поле
Редна дума Chemistry and 21st Century Challenges: Science and Innovation
Авторски знак Che - C 51
245 10 - Сведения за заглавието
Заглавие Chemistry and 21st Century Challenges: Science and Innovation
Подзаглавни данни Sixth Nat. Conf. on Chemistry 16th nat. Symposium Polymer 2008, 10-14 Sept. 2008, Sofia, Bulgaria : Book of abstracts
Редно поле (дума) comp. Chavdar Conev Bonev; comp. Georgi Borisov Kadinov.
257 ## - Страна на издаване
Страна на създаване/издаване България
260 ## - Област на издателските данни
-- Sofia
Име на издателя, разпространителя и проч. Съюз на химиците в България
Година на издаване 2008
Печатница Sofia : Star Press
300 ## - Физическа характеристика
Страници XIV, 505 p.
Илюстрации и др. ill.
Размери/Мащаб 29 cm
380 ## - Жанр
Жанр Техника
500 ## - Общи забележки
Забележка Именен показалец
650 #4 - Допълнително описание по предмет – тема
Основно описание – тема или топоним Високомолекулярни съединения
9 (RLIN) 150768
650 #4 - Допълнително описание по предмет – тема
Основно описание – тема или топоним Полимеризация
9 (RLIN) 166815
653 ## - Ключова дума – ненормативна
Ключова дума високомолекулни съединения
653 ## - Ключова дума – ненормативна
Ключова дума полимери
653 ## - Ключова дума – ненормативна
Ключова дума конференции
700 1# - Други автори (авторска отговорност)
Лично име Bonev, Chavdar Conev
Автороска отговорност (Описва отношението между автора и произведението) comp.
9 (RLIN) 301930
700 1# - Други автори (авторска отговорност)
Лично име Kadinov, Georgi Borisov
Автороска отговорност (Описва отношението между автора и произведението) comp.
9 (RLIN) 14398
852 ## - Местоположение
Форматна сигнатура Цб ІІ 15724
856 4# - Електронен адрес и достъп
Електронен формат pdf - файл
Път до файла /url/
856 4# - Електронен адрес и достъп
Електронен формат pdf - файл
Път до файла /url/
942 ## - АРТИКУЛИ
Вид на библиотечния материал Книги
Скрит в OPAC Не
944 ## - СЪЗДАВАНЕ И РЕДАКЦИЯ на ЗАПИСА
Създаване/Редакция Създаване
Дата на регистрацията/редакция 26.06.2009
Служител, извършил регистрацията/редакцията Валя_Йорданова
944 ## - СЪЗДАВАНЕ И РЕДАКЦИЯ на ЗАПИСА
Създаване/Редакция Редакция
Дата на регистрацията/редакция 26.06.2009
Служител, извършил регистрацията/редакцията
999 ## - СИСТЕМНИ КОНТРОЛНИ НОМЕРА
Koha biblionumber 85676
Koha biblioitemnumber 85676
Наличности
Код за отписване Код за изгубен артикул Код за повреда Коз за рестрикции Код за отдаване Артикулен № Име на библиотеката - собственик Име на библиотеката, в която се намира в момента Статус (Текущо местоположение) Дата на вписване в системата Местоположение - отдел Цена в лева Инвентарен номер Систематично азбучна сигнатура Баркод Номер на екземпляра Цена в евро Служебна бележка Служебен тип на артикула
  Не е изгубен Не е повреден без рестрикции ползва се в читалня 138913 Регионална библиотека "Любен Каравелов" Русе Регионална библиотека "Любен Каравелов" Русе Хранилище 2009-06-25 Хранилище 0.00 120000736521 Цб ІІ 15724 120000736521 1 0.00 Дост: Dp Вид: Д N: 4 Дата: 14.01.2009 Книги
Vip Innovations Ltd, Rousse, Bulgaria 2025